Counties of California at Statehood - Statistics

General Stats
  • This quiz has been taken 832 times
  • The average score is 14 of 27
Answers on the Map
Answers color-coded by a green-red scale on the quiz's map according to % correct below.
 
Answer Stats
County % Correct
Los Angeles
98%
San Francisco
95%
San Diego
83%
Sacramento
82%
Santa Barbara
68%
Monterey
59%
Santa Clara
58%
Napa
56%
San Luis Obispo
55%
Marin
54%
Santa Cruz
54%
Contra Costa
49%
Sonoma
48%
San Joaquin
46%
Shasta
45%
Mendocino
43%
Yolo
42%
Solano
40%
Yuba
39%
El Dorado
37%
Sutter
37%
Trinity
37%
Butte
36%
Mariposa
35%
Calaveras
34%
Tuolumne
32%
Colusi
31%
No matching quizzes found
Score Distribution
Percent of People with Each Score
Percentile by Number Answered
Your Score History
You have not taken this quiz